Central Library OPAC University of Rajshahi

Activity analysis in the theory of growth and planning : (Record no. 45582)

MARC details
000 -LEADER
fixed length control field 00987nam a2200265 a 4500
001 - CONTROL NUMBER
control field 45582
003 - CONTROL NUMBER IDENTIFIER
rucl marc code BD-RJUL
005 - DATE AND TIME OF LATEST TRANSACTION
control field 20211209054034.0
008 - FIXED-LENGTH DATA ELEMENTS--GENERAL INFORMATION
fixed length control field 160727s1967 enkab b 100 0 eng
035 ## - SYSTEM CONTROL NUMBER
System control number BD-RJUL 45700
040 ## - CATALOGING SOURCE
Original cataloging agency DLC
Transcribing agency DLC
Modifying agency m.c
Language of cataloging eng
041 ## - LANGUAGE CODE
Language code of text/sound track or separate title eng
082 ## - DEWEY DECIMAL CLASSIFICATION NUMBER
Classification number 338.00184
Author mark and year ACT 1967
245 00 - TITLE STATEMENT
Title Activity analysis in the theory of growth and planning :
Remainder of title proceedings of a conference held by the International Economic Association /
Statement of responsibility, etc. edited by E. Malinvaud and M. O. L. Bacharach
260 ## - PUBLICATION, DISTRIBUTION, ETC. (IMPRINT)
Place of publication, distribution, etc. London :
Name of publisher, distributor, etc. Macmillan ;
Place of publication, distribution, etc. New York :
Name of publisher, distributor, etc. St. Martin's Press,
Date of publication, distribution, etc. 1967
300 ## - PHYSICAL DESCRIPTION
Pagination xv, 334 p. :
Illustrations ill. ;
Size 22 1 /2 cm
504 ## - BIBLIOGRAPHY, ETC. NOTE
Bibliography, etc Includes bibliographies
650 #0 - SUBJECT ADDED ENTRY--TOPICAL TERM
Topical term or geographic name as entry element Economic development
General subdivision Mathematical models
9 (RLIN) 139542
Topical term or geographic name as entry element Economic policy
General subdivision Mathematical models
9 (RLIN) 139543
700 1# - ADDED ENTRY--PERSONAL NAME
Personal name Bacharach, Michael.
Personal name Malinvaud, Edmond.
710 2# - ADDED ENTRY--CORPORATE NAME
Corporate name or jurisdiction name as entry element International Economic Association.
9 (RLIN) 130641
942 ## - ADDED ENTRY ELEMENTS (KOHA)
Source of classification or shelving scheme Dewey Decimal Classification
Koha item type Books
Holdings
Lost status Source of classification or shelving scheme Damaged status Not for loan Collection code Permanent Location Current Location Shelving location Date acquired Source of acquisition Cost, normal purchase price Total Checkouts Full call number Date last seen Copy number Koha item type
  Dewey Decimal Classification     Non-fiction Central Library, University of Rajshahi Central Library, University of Rajshahi   11/01/1975 Gonathan were 350.00   338.00184 ACT 1967 27/07/2016 C-2 Books
  Dewey Decimal Classification     Non-fiction Central Library, University of Rajshahi Central Library, University of Rajshahi   11/01/1975 Gonathan were 350.00   338.00184 ACT 1967 27/07/2016 C-3 Books
  Dewey Decimal Classification     Non-fiction Central Library, University of Rajshahi Central Library, University of Rajshahi   11/01/1975 Gonathan were 350.00   338.00184 ACT 1967 27/07/2016 C-4 Books
  Dewey Decimal Classification     Non-fiction Central Library, University of Rajshahi Central Library, University of Rajshahi   11/01/1975 Jonathan ware and com. 350.00   338.00184 ACT 1967 27/07/2016 C-5 Books
  Dewey Decimal Classification     Non-fiction Central Library, University of Rajshahi Central Library, University of Rajshahi   11/01/1975 Jonathan waren and com. 350.00   338.00184 ACT 1967 27/07/2016 C-6 Books